000 00445nam a2200169Ia 4500
008 141014s9999||||xx |||||||||||||| ||und||
010 _a24763
020 _aSISBN
082 _a371 B. 561t. T. 4
100 _aG., Richard
245 _aTratado de Pedagogía Práctica, Psicoanálisis y Educación
250 _a1ra Ed
260 _aOikos-Tau S.A Barcelona, España
_c1972
300 _a181 p
_c19 cm
650 _aEducación
942 _cBK
999 _c24913
_d24913